000 00380nam a2200157Ia 4500
003 OSt
005 20240205104026.0
008 170524s9999 xx 000 0 und d
020 _a978-0198070733
040 _cIIMT UNIVERSITY
100 _aKhanna- Sushama
100 _c2011
245 0 _aUNDERSTSNDING ORGANIZATIONAL BEHAVIOUR
260 _aOxford University
942 _2ddc
_c02
999 _c2567
_d2567